The history of Don Quixote de la Mancha/ (Record no. 321)

MARC details
000 -LEADER
fixed length control field 00787cam a22002531 4500
005 - DATE AND TIME OF LATEST TRANSACTION
control field 20260322212015.0
008 - FIXED-LENGTH DATA ELEMENTS--GENERAL INFORMATION
fixed length control field data
010 ## - LIBRARY OF CONGRESS CONTROL NUMBER
LC control number 55010336
040 ## - CATALOGING SOURCE
Original cataloging agency DLC
Transcribing agency DLC
Modifying agency DLC
041 1# - LANGUAGE CODE
Language code of text/sound track or separate title engspa
050 00 - LIBRARY OF CONGRESS CALL NUMBER
Classification number AC1
Item number .G72 vol. 29
082 00 - DEWEY DECIMAL CLASSIFICATION NUMBER
Classification number 863.32
001 - CONTROL NUMBER
control field data
100 1# - MAIN ENTRY--PERSONAL NAME
Personal name Cervantes Saavedra, Miguel de,
Dates associated with a name 1547-1616.
240 10 - UNIFORM TITLE
Uniform title Don Quixote.
Language of a work English
245 14 - TITLE STATEMENT
Title The history of Don Quixote de la Mancha/
Statement of responsibility, etc. Miguel de Cervantes Saavedra & John Ormsby.
260 ## - PUBLICATION, DISTRIBUTION, ETC.
Place of publication, distribution, etc. Chicago,
Name of publisher, distributor, etc. Encyclopaedia Britannica
Date of publication, distribution, etc. [1955, c1952]
300 ## - PHYSICAL DESCRIPTION
Extent xvi, 429 p.
Dimensions 25 cm.
490 0# - SERIES STATEMENT
Series statement Great books of the Western World, v. 29
655 #7 - INDEX TERM--GENRE/FORM
Genre/form data or focus term Picaresque literature.
Source of term gsafd
655 #7 - INDEX TERM--GENRE/FORM
Genre/form data or focus term Adventure stories.
Source of term gsafd
700 1# - ADDED ENTRY--PERSONAL NAME
Personal name Ormsby, John,
Dates associated with a name 1829-1895,
Relator term tr.
740 ## - ADDED ENTRY--UNCONTROLLED RELATED/ANALYTICAL TITLE
Uncontrolled related/analytical title Don Quixote de la Mancha.
Holdings
Withdrawn status Lost status Damaged status Not for loan Home library Current library Shelving location Date acquired Total checkouts Full call number Barcode Date last seen Price effective from Koha item type
        Franklin Franklin General stacks 22/03/2026   863.32 BC0010331 22/03/2026 22/03/2026 Books